Open Data Biblioteca Nacional de Portugal


República Portuguesa: Ministério da Cultura
Biblioteca Nacional de Portugal

Catálogo da BNP: acesso por Identificadores Unívocos
Registos Bibliográficos associados ao registo de autoridade

Etiqueta de registo: 00230nam 2200025 450
001 1775698
003 http://id.bnportugal.gov.pt/bib/catbnp/1775698
010 ## $a978-989-20-1755-6
021 ## $aPT$b301707/09
100 ## $a20110329d2009 c y0pory0103 ba
101 0# $apor
102 ## $aPT
105 ## $aa z 000fy
106 ## $ar
200 1# $a O piratinha Piriri$e Alfredo e o mundo mágico dos sonhos$fCláudia Lopes Pinheiro$gil. Sofia Monteiro$grev. Ana Sanchez
205 ## $a1ª ed
210 #9 $a[S.l.]$cC.L. Pinheiro,$d2009$e[Maia] :$gSersilito)
215 ## $a[22] p.$cmuito il.$d21 cm
225 2# $aPiratinha Piriri
675 ## $a087.5$vBN$zpor$3287999
675 ## $a821.134.3-93"20"$vBN$zpor$31046482
675 ## $a821.134.3-34"20"$vBN$zpor$31018838
700 #1 $aPinheiro,$bCláudia Lopes$31456229
702 #1 $aMonteiro,$bSofia$4440$31158592
702 #1 $aSanchez,$bAna$4675$31456230
801 #0 $aPT$bBN$gRPC
900 ## $aBIBNAC$d20111003
966 ## $lBN$mFGMON$sP. 31666 V.$x1
966 ## $lBN$mFGMON$sP. 31666 V.-D$x1

Etiqueta de registo: 00254nam 2200025 450
001 2285269
003 http://id.bnportugal.gov.pt/bib/catbnp/2285269
010 ## $a978-989-583-877-6
021 ## $aPT$b561703/26
100 ## $a20260427d2026 c y0pory01030103ba
101 0# $apor
102 ## $aPT
105 ## $aa z 000yy
106 ## $ar
200 1# $aSabores do mundo$e a grande viagem das especiarias$edescobre histórias aromáticas, receitas deliciosas e muitas curiosidades$fAna Sanchez$gil. Cacá França
205 ## $a1 ed
210 #9 $aLisboa$cBook Smille,$d2026
215 ## $a45 p.$cil.$d26 cm
700 #1 $aSanchez,$bAna$31456230
702 #1 $aFrança,$bCacá$4440$31996928
801 #0 $aPT$bBN$gRPC
966 ## $lBN$mFGMON$x1
966 ## $lBN$mFGMON$x1
971 ## $cisantos$d20260427

OpendataBNP@bnportugal.pt | Mais informação sobre acesso aos dados BNP